000 00904nmm a2200277 a 4500
001 ocm0001864627
003 TR-IsHL
005 20201028171752.0
008 180330s2015 tu tur
007 cr cn
020 _a9786051511870
035 _a1864627
_b(N$T)
050 0 4 _aPL248.A535
_bA45 2015
090 0 4 _aPL248.A535
_bA45 2015
100 1 _aBala, Mithat
245 1 0 _aAllah'ın aslanı: Hz. Ali
_h[electronic resource] /
_cMithat Bala ; editör Ahmet Savaş Özpınar
260 _aİstanbul :
_bHayat Yayınları,
_c2015
300 _a353 p.
650 4 _aDil ve Edebiyat
650 4 _aLanguage and Literature
650 0 _aTürk romanı
650 0 _aTurkis fiction
650 7 _aLITERARY COLLECTIONS / Middle Eastern
_2bisacsh
700 1 _aÖzpınar, Ahmet Savaş
856 4 0 _uhttp://search.ebscohost.com/login.aspx?direct=true&scope=site&db=e011xww&AN=1864627
999 _c16867
_d16867